How to fold = (Record no. 21377)

MARC details
000 -CABECERA
campo de control de longitud fija 00940nam a2200253 4500
003 - IDENTIFICADOR DEL NÚMERO DE CONTROL
campo de control OSt
005 - FECHA Y HORA DE LA ÚLTIMA TRANSACCIÓN
campo de control 20260601193839.0
008 - DATOS DE LONGITUD FIJA--INFORMACIÓN GENERAL
campo de control de longitud fija 260507b2007 na ||||| |||| 00| 0 gem d
020 ## - NÚMERO INTERNACIONAL ESTÁNDAR DEL LIBRO
Número Internacional Estándar del Libro 9789057680397
040 ## - FUENTE DE LA CATALOGACIÓN
Centro catalogador/agencia de origen ICI
Lengua de catalogación SPA
Centro/agencia transcriptor ICI
050 ## - SIGNATURA TOPOGRÁFICA DE LA BIBLIOTECA DEL CONGRESO
Número de clasificación TT870
Número de documento/Ítem W57
100 #1 - ENTRADA PRINCIPAL--NOMBRE DE PERSONA
Nombre de persona Withers, Laurence K.,
Término indicativo de función/relación autor
245 #1 - MENCIÓN DE TÍTULO
Título How to fold =
Resto del título Méthodes de pliage = Como dobrar = Metodi per piegare = Métodos de pliegue = Falten, Falzen, formen / |c [designs and drawings by Laurence K. Withers] 24601 |a Méthodes de pliage
246 #1 - FORMA VARIANTE DE TÍTULO
Título propio/Titulo breve Como dobrar
246 #1 - FORMA VARIANTE DE TÍTULO
Resto del título Metodi per piegar
264 ## - PRODUCCIÓN, PUBLICACIÓN, DISTRIBUCIÓN, FABRICACIÓN Y COPYRIGHT
Producción, publicación, distribución, fabricación y copyright Amsterdam :
Nombre del de productor, editor, distribuidor, fabricante The Pepin /
Fecha de producción, publicación, distribución, fabricación o copyright 2007
300 ## - DESCRIPCIÓN FÍSICA
Extensión 407 páginas :
Otras características físicas principalmente ilustraciones ;
Material acompañante/anejo 1 CD-ROM (4 3/4 in.)
336 ## - TIPO DE CONTENIDO
Término de tipo de contenido texto
Fuente rdacontent
337 ## - TIPO DE MEDIO
Nombre/término del tipo de medio sin medio
Fuente rdamedia
338 ## - TIPO DE SOPORTE
Nombre/término del tipo de soporte volumen
Fuente rdacarrier
650 ## - PUNTO DE ACCESO ADICIONAL DE MATERIA--TÉRMINO DE MATERIA
Término de materia o nombre geográfico como elemento de entrada Plegado de papel (Diseño gráfico)
Subdivisión de forma Manuales
700 #1 - PUNTO DE ACCESO ADICIONAL--NOMBRE DE PERSONA
Nombre de persona Withers, Laurence K.,
Término indicativo de función/relación editor
942 ## - ELEMENTOS DE PUNTO DE ACCESO ADICIONAL (KOHA)
Fuente del sistema de clasificación o colocación Library of Congress Classification
Tipo de ítem Koha Libros
Suprimir en OPAC 1

No items available.